| 000 | 01062nam a22003017a 4500 | ||
|---|---|---|---|
| 005 | 20220329141255.0 | ||
| 008 | 971010s1989 r 00010 d | ||
| 010 | _a65548 | ||
| 011 | _a66520 | ||
| 035 | _a74767 | ||
| 082 |
_a631.44 _bA38 |
||
| 100 | 0 | 0 |
_aAguilera Herrera, Nicolas. _92912 |
| 245 | _aTratado de edafología de México | ||
| 260 |
_aMéxico, D.F. : _bUNAM. Facultad de Ciencias, _c1989-19 |
||
| 300 | _av. | ||
| 500 | _a1992/83 | ||
| 500 | _aLa biblioteca tiene: v.1 | ||
| 590 |
_aBATCH-UPD _b10 _c20130110 _lUCH01 _h1742 |
||
| 590 |
_aBATCH-UPD _b10 _c20130410 _lUCH01 _h1121 |
||
| 590 |
_aBATCH-UPD _b10 _c20130914 _lUCH01 _h2038 |
||
| 590 |
_aCONVERSION _b10 _c20130109 _lUCH01 _h1336 |
||
| 650 | 1 | 4 |
_aSuelos _xClasificación _xMéxico. _9110254 |
| 650 | 1 | 4 |
_aSuelos _xComposición. _9110280 |
| 710 | 0 |
_aUniversidad Nacional Autónoma de México. Facultad de Ciencias. _9116521 |
|
| 901 | _aBK | ||
| 949 |
_a631.44 A38 _bS _cLIBRO _d-66557 _eLIBRO _fc.2 _h3724 _i74767 _si _t82.00 |
||
| 949 |
_a631.44 A38 _bS _cLIBRO _d-7666 _eLIBRO _h3723 _i74767 _si _t82.00 |
||
| 999 |
_c65548 _d65548 |
||